| 000 | 00581nam a2200169Ia 4500 | ||
|---|---|---|---|
| 008 | 140529s9999 xx 000 0 und d | ||
| 020 | _a9781607096849 | ||
| 050 |
_aLC 1099.3 _b.D66 2010 |
||
| 100 | _aDomNwachukwu, Chinaka Samuel. | ||
| 245 | 3 |
_aAn introduction to multicultural education : _bfrom theory to practice / _cChinaka Samuel DomNwachukwu |
|
| 260 |
_aLanham, Md. : _bRowman & Littlefield Education, _cc2010. |
||
| 300 |
_a289 p. : _bill. ; _c23 cm. |
||
| 500 | _aIncludes bibliographical references and index. | ||
| 521 | _aGE | ||
| 942 |
_kFOR _cBK |
||
| 999 |
_c117708 _d117708 |
||